000 00197 a2200097 4500
020 _a9780061240942
041 _aeng
100 _aO" connor jane
245 _aAlmost true confessions
942 _cBK
999 _c10945
_d10945